Systémové navrhovanie skladového hospodárstva

Ciele a zásady systémového navrhovania skladového hospodárstva. Základné etapy systémového navrhovania skladového hospodárstva - vonkajšie dopravné pripojenie, všeobecné riešenie systému, detailné riešenie technológie skladovacích operácií a realizácia.Postup pri systémovom navrhovaní skladového hos...

Descrizione completa

Salvato in:
Dettagli Bibliografici
Autore principale: Klapita, Vladimír
Natura: Capitolo di libro
Lingua:slovacco
Soggetti:
Tags: Aggiungi Tag
Nessun Tag, puoi essere il primo ad aggiungerne!!

MARC

LEADER 00000naa$a2200000$$$4500
001 0023260
005 20231113114541.6
041 0 |a slo 
044 |a CZ 
245 1 0 |a Systémové navrhovanie skladového hospodárstva  |c Vladimír Klapita 
520 |a Ciele a zásady systémového navrhovania skladového hospodárstva. Základné etapy systémového navrhovania skladového hospodárstva - vonkajšie dopravné pripojenie, všeobecné riešenie systému, detailné riešenie technológie skladovacích operácií a realizácia.Postup pri systémovom navrhovaní skladového hospodárstva. 
610 2 0 |a hospodárstvo skladové 
610 2 0 |a riadenie systémové 
610 2 0 |a skladovanie 
610 2 0 |a sklady 
610 2 0 |a riadenie zásob 
610 2 0 |a materiál 
610 2 0 |a tok materiálu 
610 2 0 |a doprava 
100 1 |a Klapita, Vladimír